000 00672 a2200205 4500
010 _aENG-89614
020 _a8187416645
_c375.00
035 _aEN-73147
037 _bDBAD / PUB
082 1 4 _a921
090 _c11307
_d11307
100 1 _aMaurya, O.P.
245 1 _aCh. Prem Singh:
_cby O.P. Maurya
_ba man of the masses/
260 _aDelhi
_bAlok Prakashan
_c2006
270 _a1/6588, East Rohtas Nagar,
_bDelhi
_e110 032
_cDelhi
_k22328142
300 _a176p.
_c22 cm (Hb )
500 _aIncludes bibliographical references
942 _adpl
_cEN
_k 921/ PRE
999 _c11001
_d11001